| 000 | 01110cam a2200313 i 4500 | ||
|---|---|---|---|
| 001 | 65187 | ||
| 003 | Mx-PuUPA | ||
| 005 | 20260327102533.0 | ||
| 008 | 030428s2021 ii ad fr 001 0 eng d | ||
| 020 |
_a9781733254120 _qempastado |
||
| 040 |
_aMx-PuUPA _bspa _cMx-PuUPA _dMx-PuUPA _erda |
||
| 041 | 0 | _aeng | |
| 245 | 0 | 0 |
_aBall redbook : _bcrop culture and production / _cedited by Jim Nau, with Bill Calkins and Allison Westbrook |
| 264 | 1 |
_aWest Chicago, Illinois : _bBall Publishing, _c©2021 |
|
| 300 |
_ax, 686 páginas : _bilustraciones, gráficas ; _c29 cm |
||
| 336 |
_2rdacontent _atexto _btxt |
||
| 336 |
_2rdacontent _aimagen fija _bsti |
||
| 337 |
_2rdamedia _asin medio _bn |
||
| 338 |
_2rdacarrier _avolumen _bnc |
||
| 650 | 7 |
_2armarc _aFloriculture |
|
| 650 | 7 |
_2armarc _aPlantas ornamentales |
|
| 700 | 1 |
_aNau, Jim, _eeditor |
|
| 700 | 1 |
_aCalkins, Bill, _eeditor |
|
| 700 | 1 |
_aWestbrook, Allison, _eeditor |
|
| 942 |
_2ddc _cLI _h635.9 _iB75 |
||
| 999 |
_c65187 _d65187 |
||